Diseño e implementación de un sistema de control remoto para luces residenciales utilizando tonos DTMF
Guardat en:
| Autor principal: | |
|---|---|
| Altres autors: | |
| Format: | Llibre |
| Idioma: | Spanish |
| Publicat: |
[San José], Costa Rica
2013
|
| Matèries: | |
| Etiquetes: |
Afegir etiqueta
Sense etiquetes, Sigues el primer a etiquetar aquest registre!
|
MARC
| LEADER | 00000nam a22000007a 4500 | ||
|---|---|---|---|
| 003 | 011805 | ||
| 005 | 20230824151241.0 | ||
| 008 | 150421b2013 cr a|||| |||| 00| ||spa d | ||
| 040 | |c cru CEDI | ||
| 090 | |a TFG 6974 | ||
| 100 | |9 1201 |a Hernández Castro, Rodrigo, 1991- | ||
| 245 | |a Diseño e implementación de un sistema de control remoto para luces residenciales utilizando tonos DTMF | ||
| 260 | |a [San José], Costa Rica |c 2013 | ||
| 300 | |a xiii, 50 páginas : ilustraciones a color | ||
| 500 | |a Proyecto de graduación (bachillerato en ingeniería eléctrica)-- Universidad de Costa Rica. Facultad de Ingeniería. Escuela de Ingeniería Eléctrica | ||
| 501 | |a Profesor Guía de IE-0499 Proyecto Eléctrico: Ing. Teodoro Willink Castro | ||
| 650 | |x CONTROL REMOTO |x CONTROL ELECTRONICO |x SISTEMAS DE TELECOMUNICACION |x INGENIERÍA ELÉCTRICA |x LLAMADAS TELEFONICAS |x ALUMBRADO ELECTRICO |9 759 | ||
| 700 | |9 728 |a Willink Castro, Teodoro, 1986- |d Director de Proyecto Eléctrico | ||
| 942 | |c CEDI | ||
| 999 | |c 13835 |d 13835 | ||
